Southville International School and Colleges
Your cart is empty.
  • Cart
  • Lists
    Public lists Eva Luna New books Lux_list list_1
    Your lists Log in to create your own lists
  • Log in to your account
  • Your cookies
  • Search history
Southville International School and Colleges
  • Advanced search
  • Recent comments
  • Most popular
  • Libraries

Log in to your account

Log in with GOOGLE


If you do not have an external account, but do have a local account, you can still log in:

  1. Home
  2. MARC view: Blackwell handbook of infant development /
Normal view MARC view ISBD view

Blackwell handbook of infant development / (Record no. 276940)

[ view plain ]
MARC details
000 -LEADER
fixed length control field 01162cam a22003014a 4500
001 - CONTROL NUMBER
control field 12334696
005 - DATE AND TIME OF LATEST TRANSACTION
control field 20141211145922.0
008 - FIXED-LENGTH DATA ELEMENTS--GENERAL INFORMATION
fixed length control field 010305s2001 maua bf 001 0 eng
010 ## - LIBRARY OF CONGRESS CONTROL NUMBER
LC control number 2001025582
020 ## - INTERNATIONAL STANDARD BOOK NUMBER
International Standard Book Number 0631212345 (alk. paper)
040 ## - CATALOGING SOURCE
Original cataloging agency DLC
Transcribing agency DLC
Modifying agency DLC
042 ## - AUTHENTICATION CODE
Authentication code pcc
050 00 - LIBRARY OF CONGRESS CALL NUMBER
Classification number RJ 131
Item number .B475 2014
082 00 - DEWEY DECIMAL CLASSIFICATION NUMBER
Classification number 305.231
245 00 - TITLE STATEMENT
Title Blackwell handbook of infant development /
Statement of responsibility, etc edited by Gavin Bremner and Alan Fogel.
260 ## - PUBLICATION, DISTRIBUTION, ETC. (IMPRINT)
Place of publication, distribution, etc Malden, MA :
Name of publisher, distributor, etc Blackwell Pub.,
Date of publication, distribution, etc c2014.
300 ## - PHYSICAL DESCRIPTION
Extent xii, 780 pages :
Other physical details illustrations ;
Dimensions 26 cm.
440 #0 - SERIES STATEMENT/ADDED ENTRY--TITLE
Title Blackwell handbooks of developmental psychology
504 ## - BIBLIOGRAPHY, ETC. NOTE
Bibliography, etc Includes bibliographical references and indexes.
521 ## - TARGET AUDIENCE NOTE
Target audience note Education
650 #0 - SUBJECT ADDED ENTRY--TOPICAL TERM
Topical term or geographic name as entry element Infants
General subdivision Development
Form subdivision Handbooks, manuals, etc.
650 #0 - SUBJECT ADDED ENTRY--TOPICAL TERM
Topical term or geographic name as entry element Infants
General subdivision Health and hygiene
Form subdivision Handbooks, manuals, etc.
700 1# - ADDED ENTRY--PERSONAL NAME
Personal name Bremner, J. Gavin,
Dates associated with a name 1949-
700 1# - ADDED ENTRY--PERSONAL NAME
Personal name Fogel, Alan.
906 ## - LOCAL DATA ELEMENT F, LDF (RLIN)
a 7
b cbc
c orignew
d 1
e ocip
f 20
g y-gencatlg
942 ## - ADDED ENTRY ELEMENTS (KOHA)
Source of classification or shelving scheme Library of Congress Classification
Koha item type Books
Call number prefix Foreign
Holdings
Withdrawn status Lost status Source of classification or shelving scheme Damaged status Home library Current library Shelving location Date acquired Source of acquisition Sub Shelving location Total Checkouts Full call number Barcode Date last seen Price effective from Koha item type
    Library of Congress Classification   College Library College Library Reserve Section 12/11/2014 Donation     RJ 131 .B475 2014 C19029 05/15/2018 12/11/2014 Books

Blackwell handbook of infant development /

APA

Bremner J. G., Fogel A., . (2014). Blackwell handbook of infant development. Malden, MA: Blackwell Pub.

Chicago

Bremner J Gavin, Fogel Alan, . 2014. Blackwell handbook of infant development. Malden, MA: Blackwell Pub.

Harvard

Bremner J. G., Fogel A., . (2014). Blackwell handbook of infant development. Malden, MA: Blackwell Pub.

MLA

Bremner J Gavin, Fogel Alan, . Blackwell handbook of infant development. Malden, MA: Blackwell Pub. 2014.

  • Place hold
  • Print
  • Cite
  • Add to your cart (remove)
  • Save record
    BIBTEX Dublin Core MARCXML MARC (non-Unicode/MARC-8) MARC (Unicode/UTF-8) MARC (Unicode/UTF-8, Standard) MODS (XML) RIS
  • More searches
    Search for this title in:
    Other Libraries (WorldCat) Other Databases (Google Scholar) Online Stores (Bookfinder.com) Open Library (openlibrary.org)

Exporting to Dublin Core...

SOUTHVILLE LIBRARY

Southville International School and Colleges Library

1281 Tropical Ave. Cor. Luxembourg St., BF Homes International, Las Pinas City

Tel. No. 8256374 / 252358 Loc. 117/146

Powered by Koha